Normal view
MARC view
- PIGORS, PAUL,MYERS, CHARLES
Entry Personal Name
001 - CONTROL NUMBER
- control field: 77538
003 - CONTROL NUMBER IDENTIFIER
- control field: NUST
005 - DATE AND TIME OF LATEST TRANSACTION
- control field: 20210628205932.0
008 - FIXED-LENGTH DATA ELEMENTS
- fixed length control field: 210628|| aca||aabn | a|a d
040 ## - CATALOGING SOURCE
- Original cataloging agency: NUST
- Transcribing agency: NUST
100 ## - HEADING--PERSONAL NAME
- Personal name: PIGORS, PAUL,MYERS, CHARLES
670 ## - SOURCE DATA FOUND
- Source citation: Work cat.: (NUST): PIGORS, PAUL,MYERS, CHARLES, PERSONNEL ADMINISTRATION A PRINT OF VIEW AND A METHOD, 1973
